000 01351nam a2200313 i 4500
003 EG-GICUC
005 20260422071550.0
008 260422s2003 ua ||||fr|||| 001 0 eng d
040 _a EG-GICUC
_bara
_c EG-GICUC
_d EG-GICUC
_erda
041 0 _aArabic
082 0 4 _221
_a343
_bم ح .م
092 0 4 _221
099 _aLaw1 10 343 م ح .م 2003
100 0 _aمحكمة النقض المكتب الفني
_eAuthor.
245 1 0 _aمجموعة الربع قرن الثانية القواعد القانونية التي قررتها محكمة النقض في المواد الجنائية:
_bمن اول يناير سنة 1966 لغاية 31 ديسمبر سنة 1990.
_nالجزء الاول،
_cمحكمة النقض المكتب الفني.
264 _aجمهورية مصر العربية:
_bمحكمة النقض المكتب الفني،
_c2003.
300 _a1582 صفحة:
_c24 سم.
336 _2rda content
_atext
337 _2rda media
_aComputer
338 _2rda carrier
_aOnline Resource
500 _aيشتمل على كشاف
504 _a. 240-220 ببليوجرافيا: صفحات.
546 _aالنص باللغة العربية
650 1 _aالقانون الجنائي
_2qrmak
651 1 _2qrmak
856 4 0 _uhttps://fll.law.cu.edu.eg/fulltext/bks/B10-10260.pdf
905 _a158
942 _2ddc
_n0
_cBK
_e21
999 _c72760
_d72760